[Event "Heraklion Gazi op 11th"]
[Site "Heraklion"]
[Date "2015.07.28"]
[Round "5"]
[White "Hristodoulaki, Antonia"]
[Black "Halkiadakis, Marios"]
[Result "1-0"]
[WhiteElo "1987"]
[BlackElo "1761"]
[PlyCount "79"]
[EventDate "2015.07.25"]
[EventType "swiss"]
[EventRounds "9"]
[EventCountry "GRE"]
[SourceTitle "CBM 167 Extra"]
[Source "ChessBase"]
[SourceDate "2015.09.14"]
[SourceVersion "1"]
[SourceVersionDate "2015.09.14"]
[SourceQuality "1"]

1. d4 Nf6 2. Nf3 d5 3. Bf4 e6 4. e3 c5 5. c3 Nbd7 6. h3 Be7 7. Nbd2 0-0 8. Bd3 b6 9. 0-0 Bb7 10. Qc2 c4 11. Be2 b5 12. Ne5 a5 13. Bh2 Nxe5 14. Bxe5 Qb6 15. Bxf6 Bxf6 16. f4 Be7 17. e4 b4 18. exd5 exd5 19. Nf3 a4 20. b3 cxb3 21. axb3 Rfc8 22. bxa4 Rxc3 23. Qd2 Qc7 24. Rfe1 b3 25. Bd3 b2 26. Qxb2 Rxd3 27. Rac1 Bc6 28. Qe2 Ra3 29. Qxe7 Qxe7 30. Rxe7 Bxa4 31. Ra7 Re8 32. Rcc7 Rf8 33. Ng5 Ra2 34. Nxf7 Bb3 35. Nh6+ Kh8 36. Nf7+ Kg8 37. Rab7 Bc2 38. Ng5 Be4 39. Rxg7+ Kh8 40. Nxe4 1-0

[Event "Heraklion Gazi op 10th"]
[Site "Heraklion"]
[Date "2014.08.01"]
[Round "4"]
[White "Halkiadakis, Marios"]
[Black "Mastrakouli, Evagelia"]
[Result "1-0"]
[WhiteElo "1772"]
[BlackElo "1502"]
[PlyCount "65"]
[EventDate "2014.07.30"]
[EventType "swiss"]
[EventRounds "9"]
[EventCountry "GRE"]
[SourceTitle "EXT 2016"]
[Source "ChessBase"]
[SourceDate "2015.10.08"]
[SourceVersion "1"]
[SourceVersionDate "2015.10.08"]
[SourceQuality "1"]

1. e4 e6 2. d4 d5 3. e5 c5 4. c3 Nc6 5. Nf3 Qb6 6. Be2 Nh6 7. b3 Nf5 8. Bb2 cxd4 9. cxd4 Bb4+ 10. Kf1 h5 11. Nc3 Nfxd4 12. Na4 Qa5 13. Nxd4 Nxe5 14. Nxe6 Bxe6 15. Bxe5 f6 16. Bxh5+ Ke7 17. Bg3 b5 18. a3 Bc3 19. Nxc3 Qxc3 20. Rc1 Qb2 21. Rc7+ Kf8 22. Bd6+ Kg8 23. Bf3 Rd8 24. Be7 Ra8 25. Bxd5 Qe5 26. Rd7 Bxd5 27. Qxd5+ Qxd5 28. Rxd5 Kf7 29. Bc5 Ke6 30. Rd3 Rhc8 31. b4 a5 32. Ke2 axb4 33. axb4 1-0

[Event "GRE-chT 40th"]
[Site "Achaia"]
[Date "2012.07.05"]
[Round "7.8"]
[White "Sidiropoulos, Nikolaos1111"]
[Black "Halkiadakis, Marios"]
[Result "0-1"]
[WhiteElo "1918"]
[BlackElo "1724"]
[PlyCount "74"]
[EventDate "2012.06.30"]
[EventType "team-swiss"]
[EventRounds "7"]
[EventCountry "GRE"]
[SourceTitle "CBM 149 Extra"]
[Source "ChessBase"]
[SourceDate "2012.08.24"]
[SourceVersion "1"]
[SourceVersionDate "2012.08.24"]
[SourceQuality "1"]
[WhiteTeam "Peiraikos"]
[BlackTeam "Heraklion DAA"]
[WhiteTeamCountry "GRE"]
[BlackTeamCountry "GRE"]

1. e4 e5 2. Nf3 Nc6 3. Bc4 Bc5 4. c3 Nf6 5. d3 a6 6. 0-0 d6 7. Nbd2 Bd7 8. h3 0-0 9. Re1 Na5 10. Nf1 Nxc4 11. dxc4 Be6 12. b3 h6 13. Qc2 Qd7 14. Be3 Nh5 15. Qe2 Bxe3 16. fxe3 Nf6 17. Ng3 Qc6 18. Qd3 b5 19. cxb5 axb5 20. Rf1 Ra7 21. Nh4 Rfa8 22. Rxf6 gxf6 23. Qe2 Qxc3 24. Rf1 Kf8 25. Qf3 Ke8 26. Nh5 Rxa2 27. Nxf6+ Kd8 28. Nd5 Bxd5 29. exd5 Ra1 30. Rxa1 Rxa1+ 31. Kh2 e4 32. Qxf7 Qe5+ 33. g3 Kc8 34. Ng2 Ra2 35. h4 Rd2 36. Qf8+ Kb7 37. Qxh6 Qb2 0-1

[Event "GRE-chT 40th"]
[Site "Achaia"]
[Date "2012.07.04"]
[Round "6.11"]
[White "Halkiadakis, Marios"]
[Black "Litsas, Panagiotis"]
[Result "0-1"]
[WhiteElo "1724"]
[BlackElo "1773"]
[PlyCount "76"]
[EventDate "2012.06.30"]
[EventType "team-swiss"]
[EventRounds "7"]
[EventCountry "GRE"]
[SourceTitle "CBM 149 Extra"]
[Source "ChessBase"]
[SourceDate "2012.08.24"]
[SourceVersion "1"]
[SourceVersionDate "2012.08.24"]
[SourceQuality "1"]
[WhiteTeam "Heraklion DAA"]
[BlackTeam "Elefsinas STM"]
[WhiteTeamCountry "GRE"]
[BlackTeamCountry "GRE"]

1. e4 e6 2. d4 d5 3. e5 c5 4. c3 Qb6 5. Nf3 Nc6 6. Be2 cxd4 7. cxd4 Nge7 8. b3 Nf5 9. Bb2 Bb4+ 10. Kf1 Bd7 11. g3 Rc8 12. Qd3 Be7 13. Bc3 a6 14. Kg2 0-0 15. Rc1 f6 16. g4 fxe5 17. dxe5 Nh4+ 18. Kg3 Ng6 19. Rf1 Nf4 20. Qd1 Rf7 21. Nbd2 Rcf8 22. h3 h5 23. Ne1 d4 24. Nc4 Qc5 25. Bb2 Nxe5 26. Ba3 Qc7 27. Bxe7 Nxe2+ 28. Qxe2 Nxc4+ 29. Kg2 Bc6+ 30. Kg1 Qxe7 31. bxc4 Qh4 32. f3 hxg4 33. hxg4 Rf6 34. Ng2 Qg3 35. Rf2 Rh6 36. Qd2 Bxf3 37. Re2 Qh2+ 38. Kf2 Qxg2+ 0-1

[Event "GRE-chT 40th"]
[Site "Achaia"]
[Date "2012.07.01"]
[Round "3.13"]
[White "Halkiadakis, Marios"]
[Black "Halioris, Stefanos Anthimos"]
[Result "1-0"]
[WhiteElo "1724"]
[BlackElo "1624"]
[PlyCount "63"]
[EventDate "2012.06.30"]
[EventType "team-swiss"]
[EventRounds "7"]
[EventCountry "GRE"]
[SourceTitle "CBM 149 Extra"]
[Source "ChessBase"]
[SourceDate "2012.08.24"]
[SourceVersion "1"]
[SourceVersionDate "2012.08.24"]
[SourceQuality "1"]
[WhiteTeam "Heraklion DAA"]
[BlackTeam "Tzelepis Ikaria"]
[WhiteTeamCountry "GRE"]
[BlackTeamCountry "GRE"]

1. e4 e6 2. d4 d5 3. e5 c5 4. c3 Nc6 5. Nf3 cxd4 6. cxd4 Nge7 7. Na3 a6 8. Be2 Nf5 9. Nc2 Bb4+ 10. Nxb4 Nxb4 11. 0-0 0-0 12. Qb3 Nc6 13. Be3 b5 14. Rac1 Bd7 15. Bd3 Nxe3 16. fxe3 Na5 17. Qc2 h6 18. b3 Rc8 19. Qd2 Nc6 20. Rc5 Qb6 21. Rfc1 Rfe8 22. Bb1 b4 23. Ne1 Na7 24. Qc2 g6 25. Nd3 Kh7 26. Rf1 Rf8 27. Nf4 Rg8 28. Nh5 Rxc5 29. dxc5 Qc7 30. Rxf7+ Kh8 31. Nf6 Rg7 32. Rf8+ 1-0